| 000 | 00762nam a22002417a 4500 | ||
|---|---|---|---|
| 005 | 20170124110217.0 | ||
| 010 | _a959029 | ||
| 020 | _c00.00 | ||
| 035 | _a959029 | ||
| 037 | _bCen Lib/Ret | ||
| 040 |
_aDPL _bEN |
||
| 082 |
_a621.384 _bKON |
||
| 100 |
_aKontorovich, M. _939224 |
||
| 245 |
_aNonlinear oscillations in radio engineering / _cby M. Kontorovich; translated from the russian by A. Petrosyan |
||
| 260 |
_aMoscow _bMir Publishers _c1976 |
||
| 270 | _bMoscow | ||
| 300 |
_a324p. _c19cm(Hb) |
||
| 500 | _aIncludes appendix, bibliographical references and index | ||
| 650 |
_aRadio engineering _939225 |
||
| 650 |
_aElectrical networks _939226 |
||
| 700 |
_aPetrosyan, A. _9101663 |
||
| 942 |
_2ddc _cEN _h621.384 _mKON |
||
| 999 |
_c133905 _d133905 |
||